| 000 | 00523nam a22002057a 4500 | ||
|---|---|---|---|
| 003 | Nust | ||
| 005 | 20210929162551.0 | ||
| 008 | 170119b xxu||||| |||| 00| 0 eng d | ||
| 020 | _a9780070146143 | ||
| 038 | _akhadija | ||
| 040 | _cc | ||
| 082 |
_a620.104 _bNEL |
||
| 100 |
_aNelson, A _982870 |
||
| 245 |
_aEngineering Mechanics Statics and Dynamics / _cA Nelson |
||
| 260 |
_aNew Delhi : _bTata McGraw-Hill, _c2009. |
||
| 300 |
_ai v. unpaged. ; _c24 cm. |
||
| 500 | _apaperback. | ||
| 563 | _aPB | ||
| 942 |
_cBK _2ddc |
||
| 999 |
_c32132 _d32132 |
||